Vista normal Vista MARC

Entrada Personal Name

Número de registros utilizados en: 1

001 - CONTROL NUMBER

  • control field: 62932

003 - CONTROL NUMBER IDENTIFIER

  • control field: OSt

005 - DATE AND TIME OF LATEST TRANSACTION

  • control field: 20250821202711.0

008 - FIXED-LENGTH DATA ELEMENTS

  • fixed length control field: 250821|| aca||aabn | a|a d

040 ## - CATALOGING SOURCE

  • Original cataloging agency: OSt
  • Transcribing agency: OSt

100 ## - HEADING--PERSONAL NAME

  • Personal name: Laercio, Diógenes,
  • Dates associated with a name: 180 d.c. - 240 d.c

670 ## - SOURCE DATA FOUND

  • Source citation: Work cat.: (OSt)58324: Laercio, Diógenes, 180 d.c. - 240 d.c aut, Vidas y opiniones de los filósofos ilustres /









Instituto Departamental de Cultura del Meta - Red Departamental de Bibliotecas Públicas del Meta.